000 00778nam a2200229Ia 4500
003 OSt
005 20260507143700.0
008 210210b1960 xxu||||| |||| 00| 0 eng d
040 _cAL
041 _aSanskrit
082 _aS891.1 VARS
100 _aVARADACHARYA (K S), Ed.
_dवरदचार्य (के एस्)
_9263493
245 _aSrimadvalmikiramayana-Balakanda V1
_bश्रिमद्वाल्मीकी रामायणम् : बालकाण्ड प्रथम् संपुट
260 _aMysore
_bOriental research institute
_c1960
300 _a527
440 _a1
_9263494
650 _aV1
_9263495
650 _aSrimadvalmikiramayana-Balakanda
_9263496
690 _aSanskrit Poetry
_9263497
906 _a045819
942 _2ddc
_cBK
999 _c95434
_d95434